000 00575nam a22002177a 4500
999 _c1431
_d1431
003 OSt
005 20210406114926.0
008 150414b xxu||||| |||| 00| 0 eng d
020 _a9780471143239
040 _cDDC
082 _222nd ed.
_a621.3 SZE 2007
100 _aSze, S.M.; Kwok, K. NG
_93784
245 _aPhysics of semiconductor devices
250 _a3rd ed.
260 _aNew Jersey;
_bWiley,
_c2007
300 _ax,815p;
_bill:
_c24cm
504 _aAppendices & index included
650 _aPhysics
_9809
650 _aSemiconductors
_93785
942 _2z
_cO_SHELF